Máximos goleadores de La Liga - Estadísticas

Estadísticas generales
  • Esta prueba ha sido intentada 3.861 veces
    3.860 desde el último reinicio
  • La puntuación promedio es 8 de 15
Estadísticas de respuestas
Goles Temporadas en La Liga Equipo/s Futbolista % Correcto
311 2009-2018 Real Madrid C.F. Cristiano Ronaldo
100%
474 2004-2021 F.C. Barcelona Lionel Messi
100%
238 2009-2023 Real Madrid C.F. Karim Benzema
89%
228 1994-2010 Real Madrid C.F. Raúl
84%
198 2010-en activo Real Sociedad / Atlético de Madrid / F.C. Barcelona Antoine Griezmann
76%
185 2003-2014 Real Zaragoza / Valencia C.F. / F.C. Barcelona / Atlético de Madrid David Villa
69%
227 1953-1966 Real Madrid C.F. / R.C.D. Español Alfredo Di Stefano
56%
251 1940-1957 Athletic Club Telmo Zarra
48%
234 1981-1997 Atlético de Madrid / Real Madrid C.F. / Rayo Vallecano Hugo Sánchez
45%
195 1935-1951 Athletic Club / Valencia C.F. / C.D. Alcoyano Edmundo Suárez
33%
219 1970-1987 Real Sporting / F.C. Barcelona Quini
32%
186 1971-1988 Real Madrid C.F. Carlos Alonso "Santillana"
18%
212 1943-1957 R.C. Celta de Vigo / Real Madrid C.F. / R.C. Deportivo de La Coruña / Valencia C.F. Pahiño
9%
221 1941-1960 Granada C.F. / F.C. Barcelona / Cultural Leonesa / Elche C.F. César Rodríguez
7%
182 1943-1960 Sevilla F.C. Juan Arza
5%
No se encontraron pruebas coincidentes
Distribución de puntuación
Porcentaje de gente con cada puntuación
Porcentaje por número respondido
Historial de tus puntuaciones
No has intentado esta prueba desde el último reinicio